000 00280nam a22001217a 4500
999 _c168394
_d168394
082 _a
_b
100 _aClaire Kramsch
245 _aContext and culture in language teaching/
_cby Claire Kramsch.
260 _a
_bOxford,
_c2009.
300 _a294p.
650 _a
942 _cBK